Who are the Copts? /

محفوظ في:

المؤلف الرئيسي: Hanna, Shenouda (مؤلف)

التنسيق: كتاب

اللغة: English

منشور في: Cairo : Costa Tsoumas & Co., 1967.

الطبعة: 5th ed.

الموضوعات:

الوسوم: إضافة وسم

لا توجد وسوم, كن أول من يضع وسما على هذه التسجيلة!

رقم الطلب: BX123 .H242 1967

LEADER 00626nam a2200229Ia 4500
001 8668
003 OSt
005 20251020091804.0
008 130303s1967 ua acf 000 0 eng d
035 |a ocm13174124 
040 |c ARCE Library 
050 4 |a BX123 .H242 1967 
100 1 |a Hanna, Shenouda,  |e author 
245 1 0 |a Who are the Copts? /   |c by Shenouda Hanna. 
250 |a 5th ed. 
264 1 |a Cairo :   |b Costa Tsoumas & Co.,   |c 1967. 
300 |a 210 pages, [40] leaves of plates :  |b illustrations, portraits ;  |c 17 cm. 
610 2 0 |a Coptic Church. 
650 0 |a Copts. 
901 |a reviewed 
942 |c BK  |2 lcc 
999 |c 4148  |d 4148